000 00343nam a2200121Ia 4500
008 240731s9999 xx 000 0 und d
022 _a1477-2728
245 0 _aPolicing and Society : An International Journal of Research and Policy
260 _bRoutledge
856 _uhttps://www.tandfonline.com/loi/gpas20
942 _2ddc
942 _cTFEJ
999 _c78974
_d78974
945 _a1
_bMadushi Gamage
_c1
_dMadushi Gamage